000 01051 a2200457 4500
000 BKB
001 133139
005 20200902152049.0
008
010 _a
020 _a9789380685540
082 _a361.954003
_bS23E
100 1 _aEncyclopaedia of Social work in India
110 _a
245 1 _aEncyclopedia of Social work in India (Volume I A-D)
_cedited by Surendra Singh, S.P. Srivastava
250 _a3rd ed.
260 _aLucknow
_bNew Royal Book
_c2012
300 _a387p.
490 _a
_v
500 _a
600 _a
610 _a
611 _a
630 _aSocial Work
650 _a
651 _a
654 _a
690 _aPublic welfare; Social service; Charities; Social policy
700 _aSingh, Surendra ed.
_b
_c
700 _aSrivastava, S.P. ed.
_b
_c
710 _a
_b
_c
711 _a
720 _a
730 _a
740 _a
752 _a
856 _a
_d
_f
904 _a
964 _a
_b
_c
_d
_e
_f
_g
965 _a
999 _c7464
_d7464